000 00761cam a2200265 a 4500
999 _c9587
_d9587
001 9587
003 BD-JhCC
005 20180319201907.0
008 180319s2001 ii d 000 0 eng
020 _a1888777540
020 _a8123907419
035 _a(BD-JhCC)9587
040 _aDLC
_cDLC
_dDLC
_dBD-JhCC
041 _aeng
050 0 0 _aQA76.15
_b.N45 2001
082 0 0 _a004/.03
_221
_bTHE 2001
245 0 4 _aThe new international Webster's pocket computer dictionary of the English language /
246 3 0 _aWebster's pocket computer dictionary
250 _aNew rev. [2000] ed.
260 _a[S.l.] :
_bTrident Press International,
_c2001.
300 _a316 p. ;
_c17 cm.
650 0 _aComputers
_vDictionaries.
942 _2ddc
_cREF